000 01101pam a2200337 i 4500
001 016305417
003 EG-ScBUE
005 20250813092007.0
008 130221t2014 njua f d 001 0 eng d
020 _a9780321853103 (paperback)
020 _a0321853105 (paperback)
040 _aEG-ScBUE
_beng
_erda
_cEG-ScBUE
_dEG-ScBUE
082 0 4 _a547
_222
_bBRU
100 1 _aBruice, Paula Yurkanis,
_d1941-
_934897
_eauthor.
245 1 0 _aOrganic chemistry /
_cPaula Yurkanis Bruice, University of California, Santa Barbara.
250 _aSeventh edition.
250 _aInternational edition.
264 1 _aUpper Saddle River, New Jersey :
_bPearson,
_c[2014]
264 4 _cc2014
300 _a1 volume (various pagings) :
_bcolor illustrations ;
_c28 cm
336 _2rdacontent
_atext
_btxt
337 _aunmediated
_2rdamedia
_bn
338 _avolume
_bnc
_2rdacarrier
500 _aIncludes index.
500 _aInclude glossary.
500 _aIncludes appendix.
650 7 _aChemistry, Organic.
_96234
_2BUEsh
653 _cJanuary2014
655 _vReading book
_933728
942 _2ddc
_cBB
999 _c17945
_d17917